000
00324nam a22001457a 4500
008
210519b ||||| |||| 00| 0 eng d
020
_a
9780393934625
041
_a
eng
080
_2
3rd
_a
91
082
_a
91
100
_a
42
101
_a
GJEO
245
_a
Essentials of Geology
_c
M. Scott Wilkerson
942
_2
udc
_c
BK
999
_c
57497
_d
57497